MDQL
is popping MORE tags! Check the
thread
!
Quizzes
Events
Quiz Creation
Community
Videos
Private Events
Remove Ads
Sign In
Join for FREE
Feedback
Dark Mode
Quiz Categories
Sports
Geography
Music
Movies
Television
Just For Fun
Miscellaneous
History
Literature
Language
Science
Gaming
Entertainment
Religion
Holiday
For Kids
Quiz Lab
Recent
Popular Today
Quiz Kudos Today
Editor Picks
Curator Picks
Quizzes by...
Day
Popularity
Type
Ratings
Length
Year
Community
Subscriptions
Recent Discussions
Orange Saloon
Badges
Playlists
Quests
Create
Leaderboards
Showdown
Live 5
Trivia Bingo
Activity
Puzzle Library
Sporcle Events
Private Events
Virtual Trivia
Globe League
Become a Host
Pub Owners
SporcleCon
Opinionation
Our Games
Videos
Blog
Mobile Apps
Partnerships
Remove Ads and Go Orange
Feedback
Geography
Country
Landmarks
City
State
Population
World
Capital
Continent
Flags
Europe
Africa
Asia
South America
North America
Oceania
Border
Canada
United Kingdom
Topography
United States
Geography
Country
Landmarks
City
State
Population
World
Capital
Continent
Flags
Europe
Africa
Asia
South America
North America
Oceania
Border
Canada
United Kingdom
Topography
United States
Random Quiz
Search Sporcle
×
Quiz Lab
Quiz Lab
Geography
Top 10
Type in answers that appear in a list
Type in answers that appear in a list
Classic
Best Score? Go Orange.
Top 10 busiest destinations from all 5 London airports Stats
Can you name the Top 10 busiest destinations from all 5 London airports?
By
angularity
5m
50 Questions
458 Plays
458 Plays
458 Plays
Comments
Comments
Give Quiz Kudos
Give Quiz Kudos
-
- Ratings
hide this ad
More Info
Replay
Link that replays current quiz
Next Quiz
Link to next quiz in quiz playlist
You Got
0%
They Got
Avg Score
70%
Avg Friend Score
Upgrade to see
Score Distribution
Jump to the score distribution portion of the page
Score
0/50
Timer
05:00
0
Plays Today
London Airport
Destination Airport
% Correct
Heathrow
New York JFK
99.8%
Heathrow
Paris Charles de Gaulle
97.4%
Luton
Paris Charles de Gaulle
97.4%
Heathrow
Dublin
94.1%
Gatwick
Dublin
94.1%
Stansted
Dublin
94.1%
Luton
Dublin
94.1%
London City
Dublin
94.1%
Gatwick
Madrid
93.9%
London City
Paris Orly
91%
Heathrow
Amsterdam
90.4%
Gatwick
Amsterdam
90.4%
Stansted
Amsterdam
90.4%
Luton
Amsterdam
90.4%
London City
Amsterdam
90.4%
Heathrow
Frankfurt
83.4%
London City
Frankfurt
83.4%
Stansted
Rome Ciampino
80.6%
Heathrow
Los Angeles
79.9%
Heathrow
Edinburgh
77.3%
Gatwick
Edinburgh
77.3%
Stansted
Edinburgh
77.3%
Luton
Edinburgh
77.3%
London City
Edinburgh
77.3%
Stansted
Glasgow
77.1%
London Airport
Destination Airport
% Correct
Luton
Glasgow
77.1%
London City
Glasgow
77.1%
Stansted
Milan Bergamo
72.5%
Heathrow
Chicago O'Hare
72.1%
Heathrow
Dubai
71.2%
Gatwick
Dubai
71.2%
London City
Zurich
70.5%
Stansted
Belfast International
60.9%
Heathrow
Hong Kong
60%
Gatwick
Geneva
59.4%
Luton
Geneva
59.4%
London City
Geneva
59.4%
Luton
Warsaw
58.1%
Stansted
Palma de Mallorca
52.8%
Gatwick
Malaga
51.1%
Stansted
Malaga
51.1%
Luton
Malaga
51.1%
Luton
Budapest
44.5%
Gatwick
Alicante
37.1%
Stansted
Alicante
37.1%
Gatwick
Orlando International
36.2%
Gatwick
Faro
31%
Luton
Bucharest Baneasa
29%
London City
Rotterdam
26%
London City
Luxembourg
20.5%
Quiz Playlist
Details
Report
Send in Message
Add To Playlist
More Info:
Typing the three-digit IATA airport codes will reveal the answers
Classic:
Type in answers that appear in a list
Quiz Source
Last Updated: Feb 16, 2017
Quiz Scoreboard
CHALLENGE
Sign Up to Join the Scoreboard
Show All
Scores
Hide
Comments
May contain spoilers
Recently Published
1-10 Letter E Words III
by El_Dandy
Language
2m
Street Fighter Characters
by Artimus82
Gaming
60s
College Basketball Coaching Resumes
by pancakes188
Sports
9m
More to Explore
Quiz From the Vault
Featured Blog Post
Where Did the Easter Bunny Come From?
hide this ad
You Might Also Like...
Tags
airport
destination
London
Top 10
Today's Top Quizzes in Geography
Browse Geography
hide this ad
Today's Top Quizzes in Top 10
Browse Top 10
Top Contributed Quizzes in Geography
1
Countries of the World - No Outlines Minefield
2
Top 25 Cities of France on a map
3
Any capital of a 'B' country per Continent
4
Any capital of a 'C' country per Continent
5
Closest Countries to UK A-Z
6
Any capital of a 'D' country per Continent
7
5-to-1: US Geography No Hints
8
Any capital of an 'E' country per Continent
9
Find the US States - No Outlines
10
Any capital of an 'F' country per Continent
Explore More
Trending Topics
NBA
Anime
Crossword
Disney
Kpop
Harry Potter
Marvel
Soccer
WWE
NFL
Country
Song
Puzzle
Pokémon
The Office
hide this ad
More By:
angularity
Quiz
Plays
Rating
Category
Featured
Created
London Heathrow Airport's Top 100 destinations in 2010
8,446
4.56
Geography
Aug 20, 2011
Heathrow's Top 50 busiest routes
7,586
4.26
Geography
Sep 28, 2009
Top 300 airport destinations from the UK in 2011
7,350
4.73
Geography
Mar 10, 2012
Top 100 most flown to airports from the UK in 2010
6,592
4.62
Geography
May 29, 2011
Top flown to countries from UK's airports
3,018
4.31
Geography
Sep 25, 2011
Go to Creator's Profile
Score Distribution
Quiz Creator Spotlight
angularity
Follow
Send a Message
Quizzes Created
-
Created Quiz Play Count
-
More By This Creator
Popular Quizzes Today
1
Find the US States - No Outlines Minefield
2
Find the Countries of Europe - No Outlines Minefield
3
The Countries of the World
4
Find the US States
5
Risky Map Clicking: Biggest States A-Z
6
US States
7
Popular People in 1961
8
Movies - When Are They Set?
More Geography Quizzes
Alliterative Capital Countries (North America)
Quiz Lab
Trending Quizzes
Risky Map Clicking: Least Populous States A-Z
Billboard Blitz: Aretha Franklin
Famous Russians: Author or Composer?
1-10 Letter G Words
Countries of the World: 200 Million BC
Recently Updated
Leaping Animals
pecheneg
Reality TV Shows (A-Z)
bhenderson79
Rickey Henderson's Hall of Fame Teammates
pecheneg
Champions League XIs: Arsenal
pecheneg
Quick Pick: Celebrities in WWE's Hall of Fame
aduchscher
A-Z Keypad Blitz II
pecheneg
Multiple Oscar Actors
pecheneg
Mystery Phrase Blitz: Oscar 'Best Actors'
pecheneg
F. Scott Fitzgerald Novels
LTH
Pick 3 Villains
ddd62291
Trending Topics
Crossword
Harry Potter
Anime
NBA
Kpop
Marvel
Disney
Puzzle
Country
Pokémon
The Office
Soccer
NFL
Song
WWE
Your Account Isn't Verified!
In order to create a playlist on Sporcle, you need to verify the email address you used during registration. Go to your
Sporcle Settings
to finish the process.
Report this User
Report this user for behavior that violates our
Community Guidelines
.
Details:
Send Report
Go to the Sporcle.com Mobile Site →
Comments